Central Library OPAC University of Rajshahi

কোরআন শরীফ: (Record no. 56931)

MARC details
000 -LEADER
fixed length control field 01138nam a2200241 a 4500
001 - CONTROL NUMBER
control field 56931
003 - CONTROL NUMBER IDENTIFIER
rucl marc code BD-RjUL
005 - DATE AND TIME OF LATEST TRANSACTION
control field 20211209080442.0
008 - FIXED-LENGTH DATA ELEMENTS--GENERAL INFORMATION
fixed length control field 161205s1974 ii ||||| |||| 00| 0 ben d
020 ## - INTERNATIONAL STANDARD BOOK NUMBER
Terms of availability : IRs. 45.00
035 ## - SYSTEM CONTROL NUMBER
System control number (BD-RjUL)57055
040 ## - CATALOGING SOURCE
Original cataloging agency BD-RjUL
Language of cataloging ben
Transcribing agency BD-RjUL
Modifying agency BD-RjUL
041 ## - LANGUAGE CODE
Language code of text/sound track or separate title ben
082 ## - DEWEY DECIMAL CLASSIFICATION NUMBER
Edition number 23
Classification number 297.12259144
Author mark and year QUR 1974
245 00 - TITLE STATEMENT
Title কোরআন শরীফ:
Remainder of title [প্রয়োজনীয় টীকা সহ সমগ্র কোরআন শরীফের বঙ্গানুবাদ] /
Statement of responsibility, etc. অনুবাদ: মোবারক করীম জওহর
260 ## - PUBLICATION, DISTRIBUTION, ETC. (IMPRINT)
Place of publication, distribution, etc. কলকাতা :
Name of publisher, distributor, etc. হরফ প্রকাশনী,
Date of publication, distribution, etc. ১৯৭৪
300 ## - PHYSICAL DESCRIPTION
Pagination ৩৮৪ পৃ. ;
Size ২৪ সেমি.
500 ## - GENERAL NOTE
General note "প্রয়োজনীয় টীকা সহ সমগ্র কোরআন শরীফের বঙ্গানুবাদ"
650 ## - SUBJECT ADDED ENTRY--TOPICAL TERM
Topical term or geographic name as entry element কুরআন
Form subdivision বঙ্গানুবাদ
9 (RLIN) 119427
Topical term or geographic name as entry element Quran
Form subdivision Bengali Translation
9 (RLIN) 119428
700 ## - ADDED ENTRY--PERSONAL NAME
Personal name জওহর, মোবারক করীম অনুবাদক
942 ## - ADDED ENTRY ELEMENTS (KOHA)
Source of classification or shelving scheme Dewey Decimal Classification
Koha item type Books
Holdings
Lost status Source of classification or shelving scheme Damaged status Not for loan Collection code Permanent Location Current Location Shelving location Date acquired Source of acquisition Cost, normal purchase price Total Checkouts Full call number Date last seen Copy number Koha item type
  Dewey Decimal Classification   Not For Loan Non-fiction Central Library, University of Rajshahi Central Library, University of Rajshahi Reading Room 30/09/1981 India International, kolikata. 10.00   B 297.12259144 QUR 1974 05/12/2016 C-1 Books
  Dewey Decimal Classification     Non-fiction Central Library, University of Rajshahi Central Library, University of Rajshahi   05/01/1995 Dhaka, Aligarh Library 56.00   B 297.12259144 QUR 1974 30/12/2019 C-2 Books